LEADER 01038nam a2200277 i 4500 001 000000150064 003 CaOOAMICUS 005 20060523000000.0 008 060523s2003 it u000 u ita u 013 $a127396 020 $a88-526-0050-7 040 $aSeMil$bita 100 1 $aDe Bortoli, Maurizio.$0(OLS)http://semarc/name/59235 245 10$aPercorso nella Storia della Chiesa /$cMaurizio De Bortoli. 250 $a1. ed. 260 $aCastel Bolognese (RA) :$bItaca,$c2003. 300 $a271 p. ;$c24 cm. 500 $aDono del Card. Dionigi Tettamanzi. 650 4$aChiesa - Storia.$0(OLS)http://semarc/subject/8 850 $aSeMil 852 $aSeMil$W1$xVenegono$y1$m3B IV 13$j102233$B102233$CSeMilBibl$Z2$F112149 $81 941 1 $a5 961 $aOmaggio: Tettamanzi Card. Dionigi 996 $6020$a88-526-0050-7$9(OLS)http://semarc/number/139429 996 $6245$aPercorso nella Storia della Chiesa$9(OLS)http://semarc/title/219410 996 $6260$aCastel Bolognese (RA) :$bItaca$9(OLS)http://semarc/publisher/33200 LEADER 01277nam a2200253 i 4500 001 000000039573 003 CaOOAMICUS 005 20050223000000.0 008 050223s1968 it u000 u ita u 013 $a10310 040 $aSeMil$bita 100 1 $aBelloni, Gian Guido,$d<1919-1996>.$0(OLS)http://semarc/name/7889 245 10$aStoria illustrata del castello /$c[di Gian Guido Belloni] ; pubblicazione a cura Stampa del Comune di Milano Ufficio. - 1968 (Milano : IGIS) 260 $a[S.l. :$bs.n.],$c1968$e(Milano :$fIGIS,$g1968) 300 $a99 p., [1] c. di tav. :$bill. ;$c30 cm. 490 0 $aCittą di Milano : Rassegna mensile del Comune e bollettino di statistica 500 $aIl nome dell'Autore appare sul dorso. - Appartenenza alla serie ricavata da ICCU. 700 1 $aUfficio Stampa del Comune di Milano.$0(OLS)http://semarc/name/16949 830 0$aCittą di Milano : Rassegna mensile del Comune e bollettino di statistica.$0(OLS)http://semarc/title/17282 850 $aSeMil 852 $aSeMil$W1$xVenegono$y1$m3O VI 239$j5728$B5728$CSeMilBibl$Z2$F5728 $81 961 $aLascito: Garavaglia don Angelo 996 $6245$aStoria illustrata del castello$9(OLS)http://semarc/title/56432 996 $6260$a[S.l. :$bs.n.]$9(OLS)http://semarc/publisher/29751